00334nam a2200121Ia 45000010005000000080041000050820019000461000062000652450023001272600018001509010027001689990017001953806241024s9999 xx 000 0 und d a338.9/J6i/2013 aJICA (Agencia de cooperación internacional del Japón) 0aInforme anual 2013 bJapónc2013 a28/7/2014 8:57:32 a.m. c11166d11166